| 000 | 01726nam a22003977a 4500 | ||
|---|---|---|---|
| 005 | 20110509111129.0 | ||
| 008 | 110509t xxu||||| |||| 00| 0 eng d | ||
| 010 | _aENG-102399 | ||
| 020 |
_a9788178312101 _c1700.00 |
||
| 035 | _aEN-85932 | ||
| 037 | _bDBAD/PUB | ||
| 040 |
_adpl _bEng |
||
| 082 | _a320.954 | ||
| 100 | _927787 | ||
| 245 |
_aGlobalization and sustainable good governance : _cedited by Parmanand Singh [and] A. Francis Julian _bchallenges and opportunities / |
||
| 260 |
_aNew Delhi _bPublished by Legal Education and Research Society, in association with Manak Publications _c2010 |
||
| 270 |
_aB-7, Saraswati Complex, Subhash Chowk, Laxmi Nagar _bNew Delhi _e110092 _k22453894,22042529 _mmanak_publications@hotmail.com |
||
| 300 |
_axviii, 452 p. : _c25cm (Hb) _bmap |
||
| 500 | _aContributed articles; with partial reference to India | ||
| 500 | _aIncludes bibliographical references and index. | ||
| 650 |
_927775 _aGlobalization. |
||
| 650 |
_927814 _aGlobalization _zIndia |
||
| 650 |
_aHuman rights. _927857 |
||
| 650 |
_aHuman rights. _zIndia _927858 |
||
| 650 |
_aTranparency in government. _927859 |
||
| 650 |
_aTranparency in government. _zIndia _927860 |
||
| 650 |
_aSustainable development. _927861 |
||
| 650 |
_aSustainable development. _zIndia _927862 |
||
| 651 | _927815 | ||
| 651 | _927846 | ||
| 700 |
_927776 _aParmanand Singh |
||
| 700 |
_aJulian, Francis A. _d1952- _927863 |
||
| 710 |
_aPublished by Legal Education and Research Society (New Delhi, India) _927864 |
||
| 942 |
_2ddc _cEN _h320.954 _mGLO |
||
| 999 |
_c52207 _d52207 |
||